El proceso civil a partir del cd̤igo general del proceso

Detalles Bibliográficos
Autor principal: Cruz Tejada, Horacio
Formato: eBook
Lenguaje:español
Publicado: Bogot:̀ Universidad de Los Andes (Colombia), 2017
Materias:
Acceso en línea:Acceso restringido

MARC

LEADER 00000nam a22000007a 4500
005 20190514222159.0
007 cr|||| ||||
008 190514s2017 co |||||s|||| 00||0 spa d
020 |a 978-958-774-552-8 
035 |a 23331 
040 |a vLex 
090 |c 8698  |d 8698 
100 1 |a Cruz Tejada, Horacio 
245 1 2 |a El proceso civil a partir del cd̤igo general del proceso  |h [Recurso electrn̤ico] /  |c Horacio Cruz Tejada 
256 |a Servicio en ln̕ea 
260 |a Bogot:̀  |b Universidad de Los Andes (Colombia),  |c 2017 
300 |a 1 recurso electrn̤ico 
500 |a Pasados casi dos aǫs de haber entrado en vigencia de forma integral el Cd̤igo General del Proceso, no son pocas las inquietudes y vicisitudes que se han venido presentando en la prc̀tica forense respecto de la aplicacin̤ e interpretacin̤ de las nuevas figuras procesales o frente a aquellas que sufrieron ajustes estructurales. Conscientes de dicha situacin̤, desde el seno de la academia hemos querido trabajar en la actualizacin̤ de la obra que ahora presentamos a la comunidad jurd̕ica, a fin de que se convierta en una hoja de ruta para todos los operadores de justicia, abogados, estudiantes y especialistas del derecho procesal. Gracias a los generosos comentarios de estudiantes, amigos y colegas, para esta segunda edicin̤ hemos abordado el estudio de algunos temas que no fueron tratados en la primera. Se ha profundizado asimismo en el anl̀isis de otros tp̤icos, que tambiň han sido actualizados atendiendo la visin̤ crt̕ica de los autores y las posturas jurisprudenciales que se han generado. 
506 1 |a Disponible solo en los productos indicados  |d vLex Global  |d vLex Global (Academic Edition, excluding Law Schools)  |d vLex Global (U.S. Academic Edition, Law Schools)  |d vLex Global (U.S. Academic Edition, excluding Law Schools)  |d vLex Global (Academic Edition, Law Schools) 
650 0 4 |a Procedimiento Penal  |z Colombia 
650 0 4 |a Procedimiento Civil  |z Colombia 
740 0 |a vLex Libros (Servicio en ln̕ea) 
856 4 0 |u http://vlex.com/source/proceso-civil-a-partir-del-codigo-general-del-proceso-23331  |z Acceso restringido 
942 |c BOOK 
999 0 |a Criminal Procedure 
999 0 |a Civil Procedure